| 000 | 00507 a2200181 4500 | ||
|---|---|---|---|
| 999 |
_c6410 _d6410 |
||
| 020 | _a9780198327660 | ||
| 050 | _aTX341 TUL 1996 | ||
| 100 |
_aTull, Anita _eauthor |
||
| 245 |
_aFood & nutrition / _cAnita Tull |
||
| 264 |
_aOxford : _bOxford University Press, _c1996. |
||
| 300 |
_a282p. : _bill. (col.) |
||
| 440 | _aNew edition in colour series | ||
| 500 | _aIncludes index | ||
| 650 |
_aFood & nutrition _xSecondary education |
||
| 650 | _aFood | ||
| 650 | _aNutrition | ||
| 942 |
_2lcc _cBK _h341 _iTUL _kTX |
||